00622nam a2200193Ia 4500008004100000020001800041022001500059040001300074082001700087245006900104260004700173300004400220500005000264650002700314700002000341990003700361991001100398999001900409191130s2009##################000#0#eng## a9780750675185 a2008002763 aACLcACL a616.8498 HEN aRestless legs syndromec[edited by] Wayne A. Hening ... [et al.] aPhiladelphia, PAbSaunders/Elseviercc2009 axxii, 312 p. : ill. (some col.) ; 27 cm aIncludes bibliographical references and index aRestless Legs Syndrome aHening, Wayne A aebae5745ac10000c09e8e8d1328a7b43 a125815 c390388d390388